000 00382nam a2200145Ia 4500
999 _c14862
_d14862
082 _aRK.0148
100 _aKashyap, Subhash C.
245 0 _aHistory of parliament
260 _c1991
_bICSSR, New Delhi
300 _a618
650 _aINDIA - PARLIAMENT - HISTORY
650 _aINDIA - CONSTITUTIONAL HISTORY
710 _aCentre for Policy Research, New Delhi
942 _cRP
_2ddc